|
|
|
|
| LEADER |
00000nam0a2200000 4500 |
| 001 |
278380 |
| 005 |
20231101235116.0 |
| 020 |
|
|
|a RU
|b 86-36967
|
| 035 |
|
|
|a (RuTPU)RU\TPU\book\301657
|
| 090 |
|
|
|a 278380
|
| 100 |
|
|
|a 20141211d1986 k y0rusy5003 ca
|
| 101 |
0 |
|
|a rus
|
| 102 |
|
|
|a RU
|
| 105 |
|
|
|a y z 001zy
|
| 200 |
1 |
|
|a Методологический анализ как направление изучения науки
|f Б. Г. Юдин
|g Академия наук СССР (АН СССР), Институт истории естествознания и техники (ИИЕТ АН СССР) ; под ред. В. С. Швырева
|
| 210 |
|
|
|a Москва
|c Наука
|d 1986
|
| 215 |
|
|
|a 261 с.
|
| 320 |
|
|
|a Библиогр.: с. 252-259 (234 назв.)
|
| 606 |
1 |
|
|a Наука
|x Философские проблемы
|x Методология
|x Логика
|2 stltpush
|3 (RuTPU)RU\TPU\subj\45081
|9 64343
|
| 610 |
1 |
|
|a методология
|
| 610 |
1 |
|
|a логический анализ
|
| 610 |
1 |
|
|a науковедение
|
| 610 |
1 |
|
|a научное знание
|
| 610 |
1 |
|
|a научная деятельность
|
| 610 |
1 |
|
|a монографии
|
| 686 |
|
|
|a Ю25
|v LBC/SL-A
|2 rubbk
|
| 700 |
|
1 |
|a Юдин
|b Б. Г.
|g Борис Григорьевич
|4 070
|
| 702 |
|
1 |
|a Швырев
|b В. С.
|4 340
|
| 712 |
0 |
2 |
|a Академия наук СССР (АН СССР)
|b Институт истории естествознания и техники (ИИЕТ АН СССР)
|c (Москва)
|c (1953- )
|2 stltpush
|3 (RuTPU)RU\TPU\col\8662
|
| 801 |
|
0 |
|a RU
|b RuMRKP
|c 19950704
|g psbo
|
| 801 |
|
1 |
|a RU
|b 63413507
|c 20141211
|
| 801 |
|
2 |
|a RU
|b 63413507
|c 20170411
|g RCR
|
| 942 |
|
|
|c BK
|